| 000 | 00586cam a2200157 4500 | ||
|---|---|---|---|
| 082 | 0 | 0 |
_a951.9042 _bGUG _cL-30, P-107 |
| 100 | 1 |
_aGugeler, Russell A. _949117 |
|
| 245 | 1 | 0 |
_aCombat actions in Korea _c[by] Russell A. Gugeler. |
| 250 | _a[Rev. ed.] | ||
| 260 |
_aWashington, _bOffice of the Chief of Military History, U.S. Army; [for sale by the Supt. of Docs., U.S. Govt. Print. Off.] _c1970. |
||
| 300 |
_axi, 252 p. _billus., maps. _c24 cm. |
||
| 526 |
_a0 _b0 _c0 _d951_904200000000000_GUG |
||
| 650 | 0 |
_aKorean War, 1950-1953 _xCampaigns. _949118 |
|
| 650 | 0 |
_aMCE _9379 |
|
| 942 |
_2ddc _cBK |
||
| 999 |
_c551950 _d551950 |
||